| 000 | 00496nam a2200145 a 4500 | ||
|---|---|---|---|
| 001 | 000047657 | ||
| 005 | 20201002060647.0 | ||
| 008 | 180716s2017 dr 000 0 spa d | ||
| 040 |
_aDO-SdBNP _bspa _cBNPHU |
||
| 245 | 0 | 0 |
_aEstrategia de formación continua centrada en la escuela (EFCCE) : _bprimer ciclo del nivel primario /. |
| 260 |
_aSanto Domingo, : _bINAFOCAM, _c2017. |
||
| 300 |
_a19 p. : ; _c23 cm. |
||
| 500 | _aDocumento de inducción y socialización | ||
| 590 | _aInventariado, 2018/ YL | ||
| 999 |
_c47145 _d47145 |
||